| 000 | 00582nam a2200181 a 4500 | ||
|---|---|---|---|
| 001 | 000040143 | ||
| 005 | 20201002033938.0 | ||
| 008 | 130808s1979 cu 000 0 spa d | ||
| 040 |
_aDO-SdBNP _bspa _cBNPHU |
||
| 082 | _axxx | ||
| 100 | 1 |
_aCardenal, Ernesto, _d1925- _98090 |
|
| 245 | 1 | 0 |
_aPoesía / _cErnesto Cardenal ; selección y prólogo Cintio Vitier. |
| 260 |
_aEl Vedado, Cuba : _bCasa de las Américas, _c1979. |
||
| 300 |
_a360 p. ; _c19 cm. |
||
| 490 | 1 | _aLiteratura latinoamericana | |
| 700 | 1 |
_aVitier, Cintio, _epról. _97347 |
|
| 830 | 0 |
_aLiteratura latinoamericana _9500 |
|
| 999 |
_c39633 _d39633 |
||